000 00844nam a22002417a 4500
005 20111007111114.0
008 111007t xxu||||| |||| 00| 0 eng d
010 _aENG-103890
020 _a9788178796628
_c800.00
035 _aEN-87423
037 _bDBAD / PUB
040 _adpl
_bEng
082 _a372.86
100 _924913
245 _aPhysical education for schools /
_cedited & complied by Rajeev Kumar
260 _aNew Delhi
_bSports Publication
_c2011
270 _a7/26, Ground Floor, Ansari Road, Darya Ganj
_bNew Delhi
_e110002
300 _a316p.
_c22cm (Hb)
650 _935248
700 _924920
_aRajeev Kumar
942 _2ddc
_cEN
_mPHY
_h372.86
999 _c57345
_d57345